000 00800nam a2200241Ia 4500
003 GCL
008 140319s9999 xx 000 0 ara d
040 _aGCL /
_cGCL
082 0 4 _a573.2
_bد ا
100 1 _aعبدالحليم منتصر
245 1 0 _aاصل الانواع :
_bالجزء الثانى /
_cعبدالحليم منتصر
700 1 _aاسماعيل مظهر
700 1 _aداروين ، تشارلز
260 _aالقاهرة :
_bالمؤسسة المصرية العامة للتاليف والترجمة
300 _a392 ص ؛
_c24 سم
650 0 4 _aالعقم
650 0 4 _aالغرائز
650 0 4 _aالوراثة ، علم
650 0 4 _aالتوزيع الجغرافى
650 0 4 _aالتهجين
650 0 4 _aنظرية داروين
942 _2ddc
_cBK
999 _c54511
_d54511